Obchodné tajomstvo a jeho ochrana diplomová práca

Na minha lista:
Detalhes bibliográficos
Autor principal: Detriková, Daniela
Autor Corporativo: Obchodná fakulta EU. Katedra obchodného práva
Outros Autores: Holub, Dušan
Formato: Livro
Idioma:eslovaco
Publicado em: Bratislava 2019
Tags: Adicionar Tag
Sem tags, seja o primeiro a adicionar uma tag!

MARC

LEADER 00000nbm a2200000 4500
001 0254095
005 20191108122008.9
041 0 |a slo 
044 |a SK 
245 1 0 |a Obchodné tajomstvo a jeho ochrana  |b diplomová práca  |c Daniela Detriková ; školiteľ: Dušan Holub 
264 1 |a Bratislava  |c 2019 
300 |a 56 s. 
100 1 |a Detriková, Daniela 
700 1 |a Holub, Dušan 
710 2 |a Obchodná fakulta EU. Katedra obchodného práva